| 000 | 01011nam a2200289Ia 4500 | ||
|---|---|---|---|
| 003 | OSt | ||
| 005 | 20221005050929.0 | ||
| 006 | a|||||r|||| 00| 0 | ||
| 007 | ta | ||
| 008 | 221004b |||||||| |||| 00| 0 eng d | ||
| 020 |
_a9789004366008 (hbk) _cEURO 116.00 |
||
| 024 | _a71802 | ||
| 037 |
_b1279, 22/02/2022, Indica Publishers & Distributors Pvt. Ltd. _cTextual |
||
| 040 |
_aCRL _cCRL _beng |
||
| 041 |
_2eng _aeng |
||
| 082 | _aQ4.49B, Q8 | ||
| 100 |
_aHeirman Ann Ed. _9595412 |
||
| 245 | 0 | _aBuddhist encounters and identities across East Asia | |
| 260 |
_aLeiden _bBrill The Neatherlands _c2018 |
||
| 300 |
_axviii,435p. _ccm. |
||
| 490 | _aDynamics in the history of religions | ||
| 650 | _aBUDDHISM | ||
| 700 |
_a Anderl Christoph Ed. _9595413 |
||
| 700 |
_a Meinert Carmen Ed. _9595414 |
||
| 942 |
_hQ4.49B, Q8 _cTEXL _2cc |
||
| 999 |
_c957969 _d957969 |
||